000 00377nam a22001217a 4500
999 _c9748
_d9748
003 OSt
008 201211b ||||| |||| 00| 0 eng d
245 _aIndian Journal of Industrial Relations
250 _a2014(Jul Vol.50 No.1, Oct Vol.50 No.2) 2015(Jan Vol.50 No.3, Apr Vol.50 No.4)
260 _aNew Delhi
_bShri Ram Centre
650 _aMechanical Engineering
942 _2ddc
_cBV